Capitale de chaque états des Etats-Unis - Statistiques

Statistiques générales
  • Ce quiz a été pris 151 fois
  • Le résultat moyen est 23 sur 50
Statistiques - réponses
Hint Etats Capital % Correct
5 Californie Sacramento
70%
11 Dakota du Sud Pierre
65%
15 Hawai Honolulu
63%
8 Colorado Denver
62%
18 Indiana Indianapolis
62%
2 Alaska Juneau
62%
3 Arizona Phoenix
60%
14 Géorgie Atlanta
58%
22 Louisiane Baton Rouge
58%
25 Massachussets Boston
58%
1 Alabama Montgomery
58%
19 Iowa Des Moines
57%
6 Carolin du Nord Raleigh
53%
13 Floride Tallahassee
53%
30 Montana Helena
52%
28 Mississipi Jackson
52%
17 Illinois Springfield
52%
20 Kansas Topeka
52%
43 Texas Austin
50%
12 Delaware Dover
50%
9 Connecticut Hartford
50%
4 Arkansas Little Rock
50%
7 Caroline du Sud Columbia
48%
32 Nevada Carson City
47%
21 Kentucky Frankfort
47%
26 Michigan Lansing
47%
44 Utah Salt Lake City
47%
35 New York Albany
45%
29 Missouri Jefferson
45%
36 Nouveau Mexique Santa Fe
43%
38 Oklahoma Oklahoma City
42%
48 Washington Olympia
42%
27 Minnesota Saint Paul
42%
34 New Jersey Trenton
42%
24 Maryland Annapolis
40%
23 Maine Augusta
40%
10 Dakota du Nord Bismark
40%
16 Idaho Boise
40%
50 Wyoming Cheyenne
40%
42 Tennessee Nashville
40%
37 Ohio Columbus
38%
31 Nebraska Lincoln
38%
41 Rhode Island Providence
38%
39 Oregon Salem
38%
45 Vermont Montpelier
37%
33 New Hampshire Concord
33%
47 Virginie occidentale Charleston
30%
46 Virginie Richmond
30%
40 Pennsylvanie Harrisbourg
15%
49 Wisconsin Madinson
5%
Aucun quiz correspondant
Distribution des résultats
% des personnes avec chaque résultat
Percentile par nombre de réponses
Votre historique - résultats
Vous n’avez pas pris ce quiz